"Semillero Caribe" : (Record no. 936)

MARC details
000 -LEADER
campo de control de longitud fija 01162nam a22002657a 4500
008 - DATOS DE LONGITUD FIJA--INFORMACIÓN GENERAL
campo de control de longitud fija 160603b xxu||||| |||| 00| 0 eng d
082 04 - NÚMERO DE LA CLASIFICACIÓN DECIMAL DEWEY
Número de clasificación 701.18
Número de ítem B576r
100 1# - ENTRADA PRINCIPAL--NOMBRE DE PERSONA
Nombre de persona Minia Biabiany, Madeline Jimenez, Ulrik Lopez.
9 (RLIN) 5131
110 1# - ENTRADA PRINCIPAL--NOMBRE DE ENTIDAD CORPORATIVA
Nombre de entidad corporativa o nombre de jurisdicción como elemento de entrada Cooperativa Cráter Invertido (Editorial cráneo invertido)
9 (RLIN) 5132
245 ## - MENCIÓN DEL TÍTULO
Título "Semillero Caribe" :
Resto del título Programa de Seminarios en el Presente por Cráter Invertido /
Mención de responsabilidad, etc. Minia Biabiany, Madeline Jimenez y Ulrik Lopez.
250 ## - MENCION DE EDICION
Mención de edición 1a ed,
260 ## - PUBLICACIÓN, DISTRIBUCIÓN, ETC.
Lugar de publicación, distribución, etc. México :
Nombre del editor, distribuidor, etc. Cooperativa Cráter Invertido (Editorial cráneo invertido)
Fecha de publicación, distribución, etc. 2016.
300 ## - DESCRIPCIÓN FÍSICA
Extensión 4 v.
Otras características físicas col.
440 ## - MENCIÓN DE SERIE/PUNTO DE ACCESO ADICIONAL--TÍTULO
Título Semillero Caribe
Designación de volumen o secuencia 4
9 (RLIN) 5468
505 ## - NOTA DE CONTENIDO CON FORMATO
Título Volumen I: La relación.
-- Volumen II: Cuerpo/oralidad.
-- Volumen III: Colonialismo interiorizado.
-- Volumen IV: Territorio.
650 ## - PUNTO DE ACCESO ADICIONAL DE MATERIA--TÉRMINO DE MATERIA
Término de materia o nombre geográfico como elemento de entrada Cooperativa Cráter Invertido (Editorial cráneo invertido)
9 (RLIN) 5133
653 10 - TÉRMINO DE INDIZACIÓN--NO CONTROLADO
Término no controlado Critica e interpretación
653 10 - TÉRMINO DE INDIZACIÓN--NO CONTROLADO
Término no controlado Arts Collaboratory
653 10 - TÉRMINO DE INDIZACIÓN--NO CONTROLADO
Término no controlado Arte - Filosofía
653 10 - TÉRMINO DE INDIZACIÓN--NO CONTROLADO
Término no controlado Experimentación artística
700 1# - ENTRADA AGREGADA--NOMBRE PERSONAL
Nombre de persona Minia Biabiany,
9 (RLIN) 5134
700 1# - ENTRADA AGREGADA--NOMBRE PERSONAL
Nombre de persona Madeline Jimenez
9 (RLIN) 5135
700 1# - ENTRADA AGREGADA--NOMBRE PERSONAL
Nombre de persona Ulrik Lopez.
9 (RLIN) 5136
710 1# - ENTRADA AGREGADA--NOMBRE DE ENTIDAD CORPORATIVA
Nombre de entidad corporativa o nombre de jurisdicción como elemento de entrada Cooperativa Cráter Invertido
9 (RLIN) 5137
Holdings
Estatus retirado Estado de pérdida Fuente del sistema de clasificación o colocación Estado de daño No para préstamo Biblioteca de origen Biblioteca actual Ubicación en estantería Fecha de adquisición Total de préstamos Signatura topográfica completa Código de barras Visto por última vez Precio de reemplazo Tipo de ítem Koha Nota pública
    Clasificación Decimal Dewey     Biblioteca LadoV Biblioteca LadoV   03/06/2016   701.18 B576r 004164 03/06/2016 03/06/2016 Material 01 V. 2
    Clasificación Decimal Dewey     Biblioteca LadoV Biblioteca LadoV   24/08/2016   701.18 B576r 004159 24/08/2016 24/08/2016 Material 01 V. 3
    Clasificación Decimal Dewey     Biblioteca LadoV Biblioteca LadoV   24/08/2016   701.18 B576r 004161 24/08/2016 24/08/2016 Material 01 V. 1
    Clasificación Decimal Dewey     Biblioteca LadoV Biblioteca LadoV   24/08/2016   701.18 B576r 004160 24/08/2016 24/08/2016 Material 01 V. 4